| 000 | 01160nam a22002657a 4500 | ||
|---|---|---|---|
| 005 | 20170124103103.0 | ||
| 010 | _aB-192721 | ||
| 020 |
_c00.00 _a8171243843 |
||
| 035 | _aB-192721 | ||
| 037 | _bCen Lib/Ret | ||
| 040 |
_aDPL _bHN |
||
| 082 |
_a821.08 _bशुकदे |
||
| 100 |
_aशुकदेव सिंह _977636 |
||
| 245 |
_aभये कबीर कबीर / _cशुकदेव सिंह |
||
| 246 |
_aBhaye Kabeer Kabeer / _bby Shukadev Singh |
||
| 260 |
_aवाराणसी _bविश्वविद्यालय प्रकाशन _c2005 |
||
| 270 |
_bवाराणसी _aचौक _e221001 |
||
| 300 |
_a263पृ. _c20सेमी(सजिल्द ) |
||
| 500 | _aपरिशिष्ट एवं ग्रन्थ सूची भी शामिल | ||
| 650 |
_a साहित्य--कविता _x _977637 |
||
| 650 |
_aहिंदी--कविता--निर्गुण भक्ति काव्य _977638 |
||
| 650 |
_aLiterature--Poetry _977639 |
||
| 650 |
_aHindi--poetry--Bhakti poetry attributes _977640 |
||
| 942 |
_2ddc _cHN _h821.08 _mशुकदे |
||
| 999 |
_c117947 _d117947 |
||